| 000 | 00523nam a2200217Ia 4500 | ||
|---|---|---|---|
| 003 | OSt | ||
| 005 | 20230615100731.0 | ||
| 008 | 210423s2012 xx 000 0 und d | ||
| 020 | _a9788177585766 | ||
| 040 | _cAL | ||
| 041 | _aeng | ||
| 082 | _a530.14 CHED | ||
| 100 |
_aCHENG (David K). _9123974 |
||
| 245 | _aField and wave electromagnetics. | ||
| 250 | _a2 | ||
| 260 |
_aNew Delhi _bPearson _c2012 |
||
| 300 |
_a719 _bPB |
||
| 365 |
_b555 _cINR |
||
| 906 | _aelectromagnetics. ; Field ; wave | ||
| 942 |
_2ddc _cBK |
||
| 999 |
_c162364 _d162364 |
||